00597cam a22001697a 4500008004000000020001800040082001500058100002600073245011300099260002900212300001000241650002500251650002600276700002000302999001900322952008600341180718b2011 xxu||||| |||| 00| 0 eng d a9780749460945 aI5372 C426 aCheung-Judge, Mee-Yan aOrganizational development: a practitioner's guide for OD and HRcby Mee-Yan Cheung-Judge and Linda Holbeche aLondonbKogan Pagec2011 a324p. aPersonnel management aOrganizational change aHolbeche, Linda c442408d442408 00104070aIIPAbIIPAd2012-01-20oI5372 C426p84545r2018-07-21w2018-07-21yBK